La Miniatura española en la alta edad media / (Record no. 8174)

MARC details
000 -LEADER
campo de control de longitud fija 00664nam a2200217 i 4500
001 - NÚMERO DE CONTROL
campo de control 8174
003 - IDENTIFICADOR DE NÚMERO DE CONTROL
campo de control ES-MaACL
005 - FECHA Y HORA DE LA ÚLTIMA TRANSACCIÓN
campo de control 20230906145409.0
007 - CAMPO FIJO DE DESCRIPCIÓN FÍSICA--INFORMACIÓN GENERAL
campo de control de longitud fija t|
008 - DATOS DE LONGITUD FIJA--INFORMACIÓN GENERAL
campo de control de longitud fija 920302s1987 sp ||||1| spa d
020 ## - NÚMERO INTERNACIONAL ESTÁNDAR DEL LIBRO
Número Internacional Estándar del Libro 84-86630-04-5
080 ## - NÚMERO DE LA CLASIFICACIÓN DECIMAL UNIVERSAL
Número de la Clasificación Decimal Universal 091.31(46)
080 ## - NÚMERO DE LA CLASIFICACIÓN DECIMAL UNIVERSAL
Número de la Clasificación Decimal Universal 75.056(46)
100 1# - ENTRADA PRINCIPAL--NOMBRE DE PERSONA
Nombre de persona Williams, John.
9 (RLIN) 116935
245 13 - MENCIÓN DEL TÍTULO
Título La Miniatura española en la alta edad media /
Mención de responsabilidad, etc. John Williams.
260 ## - PUBLICACIÓN, DISTRIBUCIÓN, ETC.
Lugar de publicación, distribución, etc. Madrid :
Nombre del editor, distribuidor, etc. Casariego,
Fecha de publicación, distribución, etc. D.L. 1987.
300 ## - DESCRIPCIÓN FÍSICA
Extensión 40 p. :
Otras características físicas principalmente il ;
Dimensiones 30 cm.
500 ## - NOTA GENERAL
Nota general 1.500 ejemp. num.
650 14 - PUNTO DE ACCESO ADICIONAL DE MATERIA--TÉRMINO DE MATERIA
Término de materia o nombre geográfico como elemento de entrada Miniatura española.
9 (RLIN) 15061
852 ## - LOCALIZACIÓN
Ubicación ES-MaACL
Número de control de estantería L-15411
Sublocalización o colección R.120109
Nota libre . - Ejemp. nº 892 de una tirada de 1500
Holdings
Estatus retirado Estado de pérdida Estado de daño No para préstamo Biblioteca de origen Biblioteca actual Ubicación en estantería Fecha de adquisición Fuente de adquisición Total de préstamos Signatura topográfica completa Código de barras Visto por última vez Precio de reemplazo Tipo de ítem Koha
        Biblioteca del Ateneo de Madrid Biblioteca del Ateneo de Madrid Depósito 2 17/01/2008     L-15411 1008337 23/02/2023 23/02/2023 Libro impreso